Sports Quiz

Random Sports Quiz

Maple Leafs Captains Quiz Stats

 Plays Quiz not verified by Sporcle

Support Sporcle.
Go Orange.
Score 0/19 Timer 08:00
0 Plays Today
Years Captain % Correct
1997-2008Mats Sundin
99.5%
1994-1997Doug Gilmour
95.2%
1991-1994Wendel Clark
91%
1975-1979Darryl Sittler
84.6%
1980-1982Darryl Sittler
84.6%
1957-1969George Armstrong
70.7%
1969-1975Dave Keon
63.3%
1940-1943Syl Apps
60.6%
1945-1948Syl Apps
60.6%
1982-1986Rick Vaive
60.6%
Years Captain % Correct
1948-1955Ted Kennedy
52.1%
1957Ted Kennedy
52.1%
1989-1991Rob Ramage
43.1%
1937-1938Charlie Conacher
35.1%
1927-1937Hap Day
33%
1955-1956Sid Smith
22.3%
1938-1940Red Horner
14.9%
1956-1957Jimmy Thomson
12.2%
1943-1945Bob Davidson
10.6%

You're not logged in!

Compare scores with friends on all Sporcle quizzes.
OR
Log In

From the Vault

Who's Missing on TV?

by Pilgab

Sometimes people go MIA and there's not much we can do about it.
Remove Ads.
Support Sporcle.
Get the best of Sporcle when you Go Orange. This ad-free experience offers more features, more stats, and more fun while also helping to support Sporcle. Thank you for becoming a member.

Show Comments

Extras

Top Quizzes Today


Score Distribution

Your Account Isn't Verified!

In order to create a playlist on Sporcle, you need to verify the email address you used during registration. Go to your Sporcle Settings to finish the process.

Report this User

Report this user for behavior that violates our Community Guidelines.

Details: